Duchovný boj púštnych otcov ako zvíťaziť nad pokušeniami

Bibliographic Details
Main Author: Chmielewski, Dominik, 1973- (Author)
Other Authors: Petrík, Pavol, 1973- (Translator)
Format: Book
Language:Slovak
Polish
PhysicalDescription:64 strán 21 cm
Published: [Varín] Zachej.sk 2022
ISBN:9788082113580
Edition:Vydanie 1.
Subjects:

MARC

LEADER 00000cam a2200000 4500
001 vtls012134162
003 SK-MaSNL
005 20260301055510.0
008 220509s2022 xo grf 000 1 slo
015 |a SNBA2022/11 
020 |a 9788082113580  |q (brožované) 
040 |a SNK  |b slo  |c SNK  |e rda 
041 1 |a slo  |h pol 
044 |a xo  |c SK 
072 7 |a 27-5  |x Liturgia. Kresťanské umenie a symbolika. Duchovný život  |2 konspekt 
080 |a 27-584  |2 2011 
080 |a 27  |2 2011 
080 |a 27-58  |2 2011 
080 |a 26‑534.3  |2 2011 
080 |a 27-423.47  |2 2011 
080 |a (035)  |2 2011 
100 1 |a Chmielewski, Dominik,  |d 1973-  |4 aut  |9 199335 
240 1 0 |a Walka duchowa u ojców pustyni  |l Slovensky 
245 1 0 |a Duchovný boj púštnych otcov  |b ako zvíťaziť nad pokušeniami  |c Dominik Chmielewski ; preklad: Pavol Petrík 
250 |a Vydanie 1. 
264 1 |a [Varín]  |b Zachej.sk  |c 2022 
300 |a 64 strán  |c 21 cm 
336 |a text  |b txt  |2 rdacontent 
337 |a bez média  |b n  |2 rdamedia 
338 |a zväzok  |b nc  |2 rdacarrier 
500 |a Miesto vydania podľa NA ISBN 
500 |a Preložené z poľštiny 
650 0 7 |a duchovný život  |2 SNKPH  |9 1807 
650 0 7 |a Spiritual life  |2 SNKPHeng  |9 265583 
650 0 7 |a kresťanstvo  |2 SNKPH  |9 2024 
650 0 7 |a Christianity  |2 SNKPHeng  |9 267816 
650 0 7 |a kresťanská spiritualita  |2 SNKPH  |9 67203 
650 0 7 |a Christian spirituality  |2 SNKPHeng  |9 302811 
650 0 7 |a modlitby  |2 SNKPH  |9 1743 
650 0 7 |a Prayers  |2 SNKPHeng  |9 282644 
650 0 7 |a pokušenie  |2 SNKPH  |9 34629 
650 0 7 |a Temptation  |2 SNKPHeng  |9 336351 
655 7 |a príručky  |2 SNKPH  |9 74364 
655 7 |a Handbooks, manuals, etc.  |2 SNKPHeng  |9 90964 
700 1 |a Petrík, Pavol,  |d 1973-  |4 trl  |9 215282 
919 |a 978-80-8211-358-0 
954 |a duchovná literatúra cudzojazyčná (svetová)  |2 lita 
958 |a NT 
958 |a UP 
968 |b POL 
999 |c 613491  |d 615421 
952 |a SNK  |b SNK  |y PREZ  |7 0  |p 17A1482776  |o snkSD 90732  |i snk2022/7156  |8 0  |0 0  |1 0  |4 0  |d 2022-05-09  |f 1  |l 0  |r 2026-02-23 16:30:21  |w 2026-02-23 
952 |a SNK  |b SNK  |y VYP  |7 0  |p 17A1482777  |o snkSD 90732 D1  |i snk2022/7158  |8 0  |0 0  |1 0  |4 0  |d 2022-05-09  |l 0  |r 2026-02-23 16:30:21  |w 2026-02-23